000 00540nam a2200181Ia 4500
008 090124s9999 xx 000 0 und d
082 _b34402
100 _aगवाणकर वीणा
245 _a डॉ. खानखोजे
250 _a1
260 _bराजहंस प्रकाशन
_c1997
300 _a235
600 _aगवाणकर वीणा
630 _a डॉ. खानखोजे
700 _aगवाणकर वीणा
730 _a डॉ. खानखोजे
942 _cBOOK
999 _c100340
_d100340